Score 0/68 Timer 05:00
0 Plays Today
Character % Correct
Mike Wheeler
94.5%
Eleven
93.4%
Nancy Wheeler
93.4%
Chief Hopper
92.3%
Dustin Henderson
92.3%
Will Byers
91.2%
Lucas Sinclair
90.1%
Billy Hargrove
90.1%
Jonathan Byers
89%
Joyce Byers
87.9%
Maxine Mayfield
87.9%
Karen Wheeler
83.5%
Steve Harrington
79.1%
Erica Sinclair
76.9%
Ted Wheeler
72.5%
Bob Newby
69.2%
Holly Wheeler
69.2%
Barbara Holland
58.2%
Kali
57.1%
Alexei
56%
Murray Bauman
53.8%
Lonnie Byers
53.8%
Dr. Martin Brenner
51.6%
Terry Ives
48.4%
Tom Holloway
46.2%
Scott Clarke
44%
Heather Holloway
40.7%
Sam Owens
39.6%
Officer Powell
38.5%
Benny Hammond
38.5%
Demogorgon
36.3%
Becky Ives
36.3%
Officer Callahan
33%
Connie Frazier
31.9%
Character % Correct
Carol
30.8%
Suzie
30.8%
Florence
30.3%
Tommy H.
28.6%
Claudia Henderson
27.5%
Troy
25.3%
Sara Hopper
25.3%
Kai L. Green
23.1%
Bruce Lowe
22%
Axel
20.9%
Dottie
18.7%
Dr. Owens
17.6%
Mick
15.4%
Susan Hargrove
15.4%
Mayor Kline
13.2%
Neil Hargrove
11%
Marsha Holland
8.8%
James
7.7%
Mr. Holland
6.6%
Phil Callahan
5.5%
Ray
5.5%
Florence
4.4%
Nicole
4.4%
Cynthia
4.4%
Dorris Driscoll
3.3%
Lead Agent
2.2%
Russell Coleman
2.2%
Donald Melvald
2.2%
Diane Hopper
2.2%
Drew Scheid
1.1%
Arnell Powell
1.1%
Joe Davison
1.1%
Head of Security at Hawkins Labs
1.1%
Scientist at Hawkins Labs
0%

You're not logged in!

Compare scores with friends on all Sporcle quizzes.
OR
Log In

Sporcle TV

Today on Sporcle TV


Watch our educational content, quiz creation guides, and fun videos on Sporcle TV.

Show Comments

Extras

Top Quizzes Today


Score Distribution

Paid Content

Your Account Isn't Verified!

In order to create a playlist on Sporcle, you need to verify the email address you used during registration. Go to your Sporcle Settings to finish the process.

Report this User

Report this user for behavior that violates our Community Guidelines.

Details: